|
|
|
|
| LEADER |
01217nam a22002297a 4500 |
| 001 |
33724 |
| 003 |
BD-DhAAL |
| 005 |
20180916094439.0 |
| 008 |
180916t2018 bg ar f0 a0ben d |
| 999 |
|
|
|c 40009
|d 40009
|
| 040 |
|
|
|a BD-DhAAL
|c BD-DhAAL
|
| 082 |
0 |
0 |
|a 354.549200722
|2 22
|
| 245 |
0 |
0 |
|a সম্পূরক আর্থিক বিবৃতি ২০১৭-২০১৮
|
| 260 |
|
|
|a ঢাকা :
|b অর্থ বিভাগ, অর্থ মন্ত্রণালয়, গণপ্রজাতন্ত্রী বাংলাদেশ সরকার,
|c ২০১৮
|
| 300 |
|
|
|a ২৮ পৃষ্ঠা :
|b চিত্র ;
|c ২৭ সে. মি.
|
| 526 |
|
|
|a AAL
|
| 541 |
|
|
|a Development Book Agency
|e 33724
|
| 650 |
|
0 |
|a Budget
|z Bangladesh
|9 21804
|
| 710 |
2 |
|
|a গণপ্রজাতন্ত্রী বাংলাদেশ সরকার,
|b অর্থ মন্ত্রণালয়,
|b অর্থ বিভাগ
|9 21805
|
| 852 |
1 |
|
|a Ayesha Abed Library
|j General Stacks
|
| 942 |
|
|
|2 ddc
|c BK
|
| 952 |
|
|
|0 0
|1 0
|2 ddc
|4 0
|6 354_549200722000000_SOM
|7 0
|9 64293
|a BRACUL
|b BRACUL
|c GEN
|d 2018-08-28
|e Development Book Agency
|g 60.00
|l 0
|o 354.549200722 SOM
|p 3010033724
|r 2018-08-28
|t 1
|v 60.00
|w 2018-08-28
|y BK
|